| Tag |
First Indicator |
Second Indicator |
Subfields |
| LEADER |
00000cam a2200000 i 4500 |
| 001 |
in00004030521 |
| 005 |
20181023091939.0 |
| 008 |
180202t20181987nyu 001 0aeng |
| 010 |
|
|
|a 2017060529
|
| 020 |
|
|
|a 9781631494581
|q paperback
|
| 020 |
|
|
|a 1631494589
|
| 035 |
|
|
|a (OCoLC)on1005110093
|
| 040 |
|
|
|a DLC
|e rda
|c DLC
|d UtOrBLW
|
| 043 |
|
|
|a n-us---
|
| 049 |
|
|
|a TXAM
|
| 050 |
0 |
0 |
|a E185.97.M95
|b A3 2018
|
| 082 |
0 |
0 |
|a 323.092
|a B
|2 23
|
| 100 |
1 |
|
|a Murray, Pauli,
|d 1910-1985,
|e author.
|0 http://id.loc.gov/authorities/names/n50034273
|
| 245 |
1 |
0 |
|a Song in a weary throat :
|b memoir of an American pilgrimage /
|c Pauli Murray ; with a new introduction by Patricia Bell-Scott.
|
| 264 |
|
1 |
|a New York :
|b Liveright Publishing Corporation, a division of W.W. Norton & Company,
|c [2018]
|
| 264 |
|
4 |
|c ©1987
|
| 300 |
|
|
|a xviii, 587 pages ;
|c 24 cm.
|
| 336 |
|
|
|a text
|b txt
|2 rdacontent
|
| 337 |
|
|
|a unmediated
|b n
|2 rdamedia
|
| 338 |
|
|
|a volume
|b nc
|2 rdacarrier
|
| 500 |
|
|
|a Includes index.
|
| 520 |
|
|
|a A prophetic memoir by the activist who "articulated the intellectual foundations" (The New Yorker) of the civil rights and women's rights movements. Poet, memoirist, labor organizer and Episcopal priest, Pauli Murray helped transform the law of the land. Arrested in 1940 for sitting in the whites-only section of a Virginia bus, Murray propelled that life-defining event into a Howard law degree and a fight against "Jane Crow" sexism. Her legal brilliance was pivotal to the overturning of Plessy v. Ferguson, the success of Brown v. Board of Education and the Supreme Court's recognition that the equal protection clause applies to women. It also connected her with such progressive leaders as Eleanor Roosevelt, Thurgood Marshall, Betty Friedan and Ruth Bader Ginsberg. Now Murray is finally getting long-deserved recognition. The first African American woman to receive a doctorate of law at Yale, her name graces one of the university's new colleges. Handsomely republished with a new introduction, Murray's remarkable memoir takes its rightful place among the great civil rights autobiographies of the twentieth century.
|
| 600 |
1 |
0 |
|a Murray, Pauli,
|d 1910-1985.
|0 http://id.loc.gov/authorities/names/n50034273
|
| 650 |
|
0 |
|a African Americans
|v Biography.
|0 http://id.loc.gov/authorities/subjects/sh2007100197
|
| 650 |
|
0 |
|a African American women lawyers
|v Biography.
|
| 650 |
|
0 |
|a Feminists
|z United States
|v Biography.
|0 http://id.loc.gov/authorities/subjects/sh2008103671
|
| 700 |
1 |
|
|a Bell-Scott, Patricia,
|e writer of introduction.
|0 http://id.loc.gov/authorities/names/n91018542
|
| 945 |
|
|
|b 595039
|
| 947 |
|
|
|a A14850485773
|
| 948 |
|
|
|a cataloged
|b h
|c 2018/6/7
|d c
|e dmitchel
|f 11:00:00 am
|
| 994 |
|
|
|a 92
|b TXA
|
| 999 |
f |
f |
|s 55907772-d946-3db2-aa39-8bc893529b0d
|i c1e74cc1-0103-3b7b-bace-7f8db80532d6
|t 0
|
| 952 |
f |
f |
|p normal
|a Texas A&M University
|b College Station
|c Sterling C. Evans Library
|d Evans: Library Stacks
|t 0
|e E185.97.M95 A3 2018
|h Library of Congress classification
|i unmediated -- volume
|m A14850485773
|
| 998 |
f |
f |
|a E185.97.M95 A3 2018
|t 0
|l Evans: Library Stacks
|